Vista normal
Vista MARC
Entrada Topical Term
Número de registros utilizados en: 1
001 - CONTROL NUMBER
- control field: 37884
003 - CONTROL NUMBER IDENTIFIER
- control field: OSt
005 - DATE AND TIME OF LATEST TRANSACTION
- control field: 20210525174419.0
008 - FIXED-LENGTH DATA ELEMENTS
- fixed length control field: 210525|| aca||aabn | a|a d
040 ## - CATALOGING SOURCE
- Original cataloging agency: OSt
- Transcribing agency: OSt
150 ## - HEADING--TOPICAL TERM
- Topical term or geographic name entry element: Capital humano en la universidad
670 ## - SOURCE DATA FOUND
- Source citation: Work cat.: (OSt)11792: Ortiz Mendes, Pedro, autor 26462, Valoración cualitativa del capital humano en la universidad pública / , 2013.